States with the Most Topgolf Locations Quiz - Statistics

General Stats
  • This quiz has been taken 93 times
    68 since last reset
  • The average score is 7 of 14
Answer Stats
# State % Correct
10 Florida
97%
6 California
93%
14 Texas
88%
4 North Carolina
71%
4 Georgia
64%
3 South Carolina
59%
4 Arizona
47%
4 Tennessee
41%
3 Alabama
40%
5 Ohio
38%
3 Virginia
31%
3 Colorado
24%
3 Pennsylvania
14%
3 Maryland
12%
No matching quizzes found
Score Distribution
Percent of People with Each Score
Percentile by Number Answered
Your Score History
You have not taken this quiz since the last reset